| 000 | 00382 a2200145 4500 | ||
|---|---|---|---|
| 999 |
_c12188 _d12188 |
||
| 003 | OSt | ||
| 005 | 20231223124045.0 | ||
| 008 | 231223b ||||| |||| 00| 0 eng d | ||
| 020 | _a978-1910496183 | ||
| 082 |
_a728.9 _bFIE |
||
| 100 | _aJane Field-Lewis | ||
| 245 | _amy cool treehouse: an inspirational guide to stylish treehouses | ||
| 260 |
_bPavilion Books; _c2016 |
||
| 942 | _2ddc | ||